000 00596cac a22001931u 4500
008 081216s2004 ohu|||||r|||| 00| 0 eng d
010 _a 2003114842
020 _a0324188005 (hbk.)
020 _a0324225016 (intl. ed.)
035 _a(DLC) 2003114842
082 _a657
_bWAR
_222
245 1 0 _aAccounting /
_cCarl S. Warren, James M. Reeve, Philip E. Fess.
250 _a21st ed.
260 _aMason, Ohio :
_bThomson/South-Western,
_c2004.
300 _a1 v. (various pagings) :
_bill. ;
_c29 cm.
650 0 _aAccounting.
_933325
700 1 _aFess, Philip E.
_933326
942 _cBB
_k657WAR
_2ddc
999 _c322
_d322